[Event "Calvia Amateur op 17th"]
[Site "Calvia"]
[Date "2020.10.16"]
[Round "7"]
[White "Ramis Sebastia, Jordi Salvador"]
[Black "Dominguez Martinez, David"]
[Result "0-1"]
[WhiteElo "1519"]
[BlackElo "1286"]
[PlyCount "74"]
[EventDate "2020.10.10"]
[EventType "swiss"]
[EventRounds "9"]
[EventCountry "ESP"]
[SourceTitle "CBM 198 Extra"]
[Source "ChessBase"]
[SourceDate "2020.11.30"]
[SourceVersion "1"]
[SourceVersionDate "2020.11.30"]
[SourceQuality "1"]

1. d4 Nf6 2. c4 c5 3. d5 b5 4. cxb5 a6 5. bxa6 g6 6. Nc3 Bxa6 7. e4 Bxf1 8. Kxf1 d6 9. g3 Bg7 10. Nge2 Nbd7 11. h4 0-0 12. Nf4 Ne5 13. h5 Ra6 14. hxg6 fxg6 15. Ne6 Nfg4 16. Nxf8 Qxf8 17. f4 Rb6 18. Qe2 g5 19. Kg2 gxf4 20. gxf4 Qf6 21. fxe5 Qg6 22. Qf3 Bxe5 23. Kf1 Rb8 24. Ke2 Rf8 25. Qxf8+ Kxf8 26. Bd2 Bxc3 27. Raf1+ Bf6 28. Rf4 Ne5 29. Rhf1 Qh5+ 30. Ke3 Qh3+ 31. Ke2 Qd3+ 32. Kd1 Nc4 33. Rxf6+ exf6 34. Rxf6+ Ke7 35. Rf2 Ne3+ 36. Ke1 Nc2+ 37. Kd1 Nd4 0-1

[Event "Calvia Amateur op 17th"]
[Site "Calvia"]
[Date "2020.10.11"]
[Round "2"]
[White "Antich Fernandez, Marta Isabel"]
[Black "Dominguez Martinez, David"]
[Result "1/2-1/2"]
[WhiteElo "1687"]
[BlackElo "1286"]
[PlyCount "67"]
[EventDate "2020.10.10"]
[EventType "swiss"]
[EventRounds "9"]
[EventCountry "ESP"]
[SourceTitle "CBM 198 Extra"]
[Source "ChessBase"]
[SourceDate "2020.11.30"]
[SourceVersion "1"]
[SourceVersionDate "2020.11.30"]
[SourceQuality "1"]

1. e4 Nf6 2. e5 Nd5 3. c4 Nb6 4. d4 d6 5. exd6 cxd6 6. Nc3 Nc6 7. Be3 g6 8. Be2 Bg7 9. Nf3 Bg4 10. c5 Bxf3 11. Bxf3 Nc4 12. Qa4 Nxe3 13. Bxc6+ bxc6 14. Qxc6+ Kf8 15. fxe3 Rc8 16. Qd5 dxc5 17. Qxd8+ Rxd8 18. dxc5 Bxc3+ 19. bxc3 Rc8 20. 0-0-0 Rxc5 21. Rd8+ Kg7 22. Rxh8 Kxh8 23. Kc2 Kg7 24. Rd1 e5 25. e4 Kf6 26. Rd6+ Ke7 27. Rd5 Rxd5 28. exd5 Kd6 29. c4 f5 30. Kd3 Kc5 31. Ke3 h5 32. h3 h4 33. Kf3 e4+ 34. Kf4 1/2-1/2

[Event "Mallorca-ch U18"]
[Site "Algaida"]
[Date "2020.02.09"]
[Round "1.4"]
[White "Dominguez Martinez, David"]
[Black "Garcia Feore, Daniel James"]
[Result "0-1"]
[WhiteElo "1168"]
[BlackElo "1733"]
[PlyCount "26"]
[EventDate "2020.02.09"]
[EventType "swiss"]
[EventRounds "6"]
[EventCountry "ESP"]
[SourceTitle "EXT 2024"]
[Source "ChessBase"]
[SourceDate "2023.10.10"]
[SourceVersion "1"]
[SourceVersionDate "2023.10.10"]
[SourceQuality "1"]

1. d4 Nf6 2. Bf4 e6 3. Nc3 d5 4. Nb5 Na6 5. e3 c6 6. Nc3 Qb6 7. a3 c5 8. Nb5 Bd7 9. a4 c4 10. b3 Bxb5 11. axb5 Qxb5 12. Qb1 Qb4+ 13. Kd1 Ne4 0-1

[Event "Calvia Amateur op 16th"]
[Site "Calvia"]
[Date "2019.10.12"]
[Round "8"]
[White "Almquist, Rutger"]
[Black "Dominguez Martinez, David"]
[Result "1-0"]
[WhiteElo "1556"]
[BlackElo "1063"]
[PlyCount "41"]
[EventDate "2019.10.05"]
[EventType "swiss"]
[EventRounds "9"]
[EventCountry "ESP"]
[SourceTitle "CBM 192 Extra"]
[Source "Chessbase"]
[SourceDate "2019.11.06"]
[SourceVersion "1"]
[SourceVersionDate "2019.11.06"]
[SourceQuality "1"]

1. d4 d5 2. e3 e6 3. f4 c5 4. c3 Nf6 5. Bd3 Be7 6. Nf3 0-0 7. 0-0 Nc6 8. Nbd2 b6 9. Ne5 Nxe5 10. fxe5 Nd7 11. Rf3 Bb7 12. Rh3 h6 13. Qg4 f5 14. Qg6 Kh8 15. Qxe6 Bf6 16. Bxf5 Bc8 17. Qxd5 Bxe5 18. Qxa8 Qf6 19. g4 g6 20. Rxh6+ Kg7 21. Rxg6+ 1-0